000 00606nam a2200181 4500
001 120124
003 ES-MaACL
005 20230906191453.0
007 t|
008 070214s1967 sp r ||||1| spa d
100 1 _aPérez de Vega, Francisco.
_990814
245 1 0 _aBeautiful Rosalind and minor poems /
_cby Francisco Pérez de Vega ; illustrations by Alice von Hellmer.
260 _aMadrid :
_bComercial Española de Ediciones,
_c1967.
300 _a54 p. :
_bil. ;
_c25 cm.
700 1 _aHellmer, Alice von.
_962456
852 _aES-MaACL
_jC-36915
_bR.68960
852 _aES-MaACL
_jC-36916
_bR.68959
999 _c120124
_d120124